Top 5 Basketball Recruits by State - 2014 - Statistics

General Stats
  • This quiz has been taken 5 times
  • The average score is 30 of 181
Answer Stats
State Rank Player Current Team / Status % Correct
Florida 26 Grayson Allen Phoenix Suns
100%
Minnesota 8 Tyus Jones Orlando Magic
100%
Michigan 138 Darrell Davis Elitzur Ironi Ashkelon - Israel
75%
Mississippi 22 Devin Booker Phoenix Suns
75%
Virginia 18 Devin Robinson KK Cedevita Olimpija - Slovenia
75%
Texas 57 Elbert Robinson III Retired
75%
Kentucky 236 Jackson Davis Retired
75%
Michigan 87 Jaylen Johnson Houston Rig Hands - BIG3
75%
Kentucky 215 Jordan Green Retired
75%
New Jersey 5 Karl-Anthony Towns New York Knicks
75%
North Carolina 128 Matthew Fisher-Davis Retired
75%
New York 235 Mike Williams Retired
75%
Virginia 49 Robert Johnson Free Agent
75%
California 3 Stanley Johnson South Bay Lakers
75%
Iowa 427 Taishaun Johnson Retired
75%
Virginia 61 Caleb Martin Dallas Mavericks
50%
Tennessee 285 C.J. Anderson Manineros de Puerto Plata - Dominican Republic
50%
Virginia 73 Cody Martin Free Agent
50%
Florida 16 D'Angelo Russell Dallas Mavericks
50%
Maine 159 Darrick Wood Retired
50%
Georgia 120 Devin Mitchell Retired
50%
New Hampshire 99 Devonte' Graham Free Agent
50%
North Carolina 90 Gary Clark Yokohama B-Corsairs - Japan
50%
Massachusetts 249 Jacquil Taylor Retired
50%
Illinois 1 Jahlil Okafor Levanga Hokkaido - Japan
50%
Mississippi 208 Joniah White Retired
50%
Washington 233 Josh Martin Retired
50%
Texas 9 Justin Jackson Free Agent
50%
Kentucky 140 Kelan Martin Free Agent
50%
Tennessee 42 Leron Black Portland Trail Blazers - (Player Development Coach)
50%
Kansas 178 Marvin Clark Falco-Vulcano Energia KC Szombatheley - Hungary
50%
Pennsylvania 81 Mikal Bridges New York Knicks
50%
Louisiana 213 Mike Thomas Retired
50%
Texas 6 Myles Turner Milwaukee Bucks
50%
Mississippi 289 Oliver Black Retired
50%
Oklahoma 204 Omega Harris Retired
50%
Illinois 55 Paul White Retired
50%
Georgia 79 Tadric Jackson Retired
50%
Georgia 62 Ahmed Hill Peristeri B.C. - Greece
25%
Oklahoma 437 Chauncey Collins Marinos de Oriente - Venezuela
25%
Illinois 4 Cliff Alexander Guaiqueríes de Margarita - Venezuela
25%
Nevada 41 Craig Victor II Aias Evosmou - Greece
25%
Nevada 59 Dillon Brooks Phoenix Suns
25%
Maryland 23 Dwayne Morgan Free Agent
25%
Alabama 82 Isaac Haas Free Agent
25%
Idaho 418 Isaiah Wright Retired
25%
Oklahoma 196 Jake Hammond Retired
25%
Louisiana 192 James Thompson Retired
25%
West Virginia 69 Josh Perkins Halcones de Ciudad Obregón - Mexico
25%
Alabama 85 Justin Coleman Retired
25%
Texas 13 Justise Winslow Wisconsin Herd
25%
Nevada 7 Kelly Oubre Jr. Philadelphia 76ers
25%
Wisconsin 11 Kevon Looney New Orleans Pelicans
25%
Maine 344 L.J. Westbrook Retired
25%
New Jersey 125 Quadri Moore Retired
25%
Alabama 108 Riley Norris Retired
25%
West Virginia 393 Rondale Watson Retired
25%
Wisconsin 76 Sandy Cohen Hapoel Afula B.C. - Israel
25%
Kentucky 188 Shane Hall Retired
25%
North Carolina 15 Theo Pinson Mets de Guaynabo - Puerto Rico
25%
Colorado 497 Toby Van Ry Retired
25%
New Jersey 78 Trayvon Reed Retired
25%
Arkansas 253 Trey Thompson Retired
25%
Illinois 19 Tyler Ulis Arkansas Razorbacks - (Assistant Coach)
25%
Ohio 121 Vincent Edwards Free Agent
25%
Alabama 133 William Lee EPG Guardians Koblenz - Germany
25%
New Hampshire 46 Abdul-Malik Abu Twarde Pierniki Torún - Poland
0%
New Jersey 47 Ángel Delgado Trabzonspor B.K. - Turkey
0%
Arkansas 114 Anton Beard Retired
0%
Kansas 238 Bakary Konate Retired
0%
Delaware 95 Ben Bentil ASVEL - France
0%
Rhode Island 139 Bonzie Colson Fenerbahçe S.K. - Turkey
0%
Florida 31 Brandone Francis Free Agent
0%
Utah 56 Brekkott Chapman Kagawa Five Arrows - Japan
0%
Iowa 315 Casey Schlatter Retired
0%
Maryland 68 Chinanu Onuaku Bnei Herzliya basket - Israel
0%
Tennessee 44 Chris Chiozza Manisa BB - Turkey
0%
New Hampshire 21 Chris McCullough Pelita Jaya - Indonesia
0%
Kansas 141 Clayton Custer Oklahoma Sooners - (Assistant Coach)
0%
Arizona 129 Connor MacDougall Retired
0%
Utah 261 Dalton Nixon Retired
0%
California 17 Daniel Hamilton Free Agent
0%
Ohio 189 Dave Bell Retired
0%
Tennessee 219 Davell Roby Free Agent
0%
South Carolina 331 David Burrell Retired
0%
Minnesota 308 Delshon Strickland Retired
0%
Alabama 201 Demetrius Houston Retired
0%
Massachusetts 104 Detrick Mostella Retired
0%
Maryland 52 Dion Wiley Retired
0%
Washington 191 Djuan Piper Highline High School Pirates - (Head Coach)
0%
Louisiana 101 Dominic MaGee Retired
0%
Colorado 91 Dominique Collier Retired
0%
Washington 168 Donaven Dorsey Retired
0%
West Virginia 92 Donte Grantham Bursaspor Basketbol - Turkey
0%
Arizona 147 Dorian Pickens Retired
0%
Kansas 153 Dušan Ristić Élan Chalon - France
0%
Michigan 106 Edmond Sumner Free Agent
0%
New York 227 Elisha Boone Retired
0%
Texas 2 Emmanuel Mudiay Piratas de Quebradillas - Puerto Rico
0%
Connecticut 210 Eric Paschall Pistoia Basket 2000 - Italy
0%
Connecticut 467 Francis Kiapway Retired
0%
Wyoming 523 Frederic Dure Retired
0%
Massachusetts 28 Goodluck Okonoboh Retired
0%
Minnesota 309 Ian Theisen Retired
0%
New Hampshire 24 Isaac Copeland Retired
0%
New York 14 Isaiah Whitehead Wilki Morskie Szczecin - Poland
0%
Ohio 58 Jae'Sean Tate Houston Rockets
0%
Georgia 53 JaKeenan Gant Esenler Erokspor - Turkey
0%
Ohio 197 Jalen Hudson Free Agent
0%
West Virginia 77 Jalen Lindsey Retired
0%
Indiana 20 James Blackmon Jr. Leuven Bears - Belgium
0%
North Carolina 167 James Demery Retired
0%
Washington, D.C. 105 James Palmer Jr. Galatasaray S.K. - Turkey
0%
Pennsylvania 45 Ja'Quan Newton Retired
0%
North Carolina 195 JaQuel Richmond Retired
0%
Pennsylvania 94 Jared Nickens Retired
0%
New Hampshire 64 Jared Terrell Free Agent
0%
Ohio 150 Javon Bess KK Igokea - Bosnia & Herzegovina
0%
Wyoming 514 Jeffrey Solarin Free Agent
0%
Colorado 237 Jeremiah Page Retired
0%
Florida 30 Joel Berry II Retired
0%
Washington, D.C. 407 Johnnie Shuler Retired
0%
Nevada 33 Jonah Bolden Capitanes de Arecibo - Puerto Rico
0%
Colorado 442 Jonathan Barnes Retired
0%
Missouri 110 Jordan Barnett Hamburg Towers - Germany
0%
Louisiana 181 Jordan Cornish Retired
0%
California 43 Jordan McLaughlin San Antonio Spurs
0%
Minnesota 102 J. P. Macura Nutribullet Treviso Basket - Italy
0%
Florida 86 Justin Bibbs Halcones de Xalapa - Mexico
0%
Indiana 66 Justin Brent Retired
0%
Michigan 113 Justin Tillman Nanterre 92 - France
0%
Arkansas 404 Kahron Ross BC Nokia - Finland
0%
Massachusetts 48 Kaleb Joseph Retired
0%
Washington 149 Kaleb McGary Atlanta Falcons - NFL
0%
Oregon 27 Kameron Chatman BK Pardubice - Czech Republic
0%
Illinois 29 Keita Bates-Diop Milwaukee Bucks (Summer League)
0%
South Carolina 326 Keith Pinckney Retired
0%
New York 144 Khadeen Carrington Hapoel Jerusalem - Israel
0%
Iowa 313 Kory Kuenstling Retired
0%
Louisiana 221 LaDamean Keys Retired
0%
Wisconsin 268 Lamonte Bearden Caneros Del Este - Dominican Republic
0%
South Carolina 294 Legend Robertin Zonkeys de Tijuana - Mexico
0%
South Carolina 65 L. J. Peak Koshigaya Alphas - Japan
0%
Connecticut 389 Makai Mason Retired
0%
Tennessee 154 Marcanvis Hymon Frederick Achilleas Kaimakliou - Cyprus
0%
South Carolina 151 Marcus Stroman Retired
0%
Maryland 126 Martinas Geben Bàsquet Girona - Spain
0%
Massachusetts 186 Matt Cimino Retired
0%
Mississippi 351 Maurice Dunlap Retired
0%
Virginia 32 Melo Trimble PBC CSKA Moscow - Russia
0%
Arizona 63 Michael Humphrey Retired
0%
Oklahoma 97 Mitchell Solomon Retired
0%
West Virginia 35 Montaque Gill-Caesar Retired
0%
California 50 Parker Jackson-Cartwright New Zealand Breakers - New Zealand
0%
Connecticut 67 Paschal Chukwu Free Agent
0%
Arizona 119 Payton Dastrup Retired
0%
Maryland 75 Phil Booth JDA Dijon Basket - France
0%
Kentucky 37 Quentin Snider Free Agent
0%
Nevada 10 Rashad Vaughn Lavrio - Greece
0%
Minnesota 36 Reid Travis Sun Rockers Shibuya - Japan
0%
Wisconsin 122 Riley LaChance Free Agent
0%
Colorado 84 Ronnie Harrell Maroussi B.C. - Greece
0%
Indiana 175 Sam Logwood Retired
0%
Utah 429 Sam Merrill Cleveland Cavaliers
0%
Washington 25 Shaqquan Aaron Retired
0%
New York 217 Shavar Newkirk Free Agent
0%
Pennsylvania 177 Shep Garner Retired
0%
Oregon 223 Silas Melson Free Agent
0%
Georgia 115 TeMarcus Blanton Lovejoy High School Wildcats - (Assistant Coach)
0%
Pennsylvania 34 Terry Larrier Free Agent
0%
California 38 Thomas Welsh Levanga Hokkaido - Japan
0%
Utah 54 T. J. Haws Retired
0%
Wisconsin 312 T.J. Schlundt Retired
0%
Washington, D.C. 107 Tre Campbell Retired
0%
Indiana 39 Trevon Bluiett Limoges CSP - France
0%
Indiana 12 Trey Lyles Free Agent
0%
Kansas 103 Tum Tum Nairn Jr. Bowling Green Falcons - (Associate Head Coach)
0%
New Jersey 131 Wade Baldwin IV Fenerbahçe S.K. - Turkey
0%
Michigan 225 Yante Maten San-en NeoPhoenix - Japan
0%
Connecticut 314 Yuta Watanabe Chiba Jets - Japan
0%
Arizona 72 Zylan Cheatham Adelaide 36ers - Australia
0%
No matching quizzes found
Score Distribution
Percent of People with Each Score
Percentile by Number Answered
Your Score History
You have not taken this quiz